Loading...

Cross road

Bibliographic Details
Main Author: Lenin Rajendran
Other Authors: etal
Format: Printed Book
Language:Undetermined
Published: Fabian books Mavelikara, 2017
Subjects:
LEADER 00490nam a2200157Ia 4500
008 200324s9999 xx 000 0 und d
082 |a 8M2.03  |b LEN.C 
100 |a Lenin Rajendran  
245 0 |a Cross road 
260 |b Fabian books Mavelikara,  |c 2017 
300 |a 158p. 
650 |a Screenplay--malayalam 
700 |a  etal 
942 |c BK 
999 |c 289353  |d 289353 
952 |0 0  |1 0  |4 0  |6 8M2_03_000000000000000_LEN_C  |7 0  |9 307887  |a SDE  |b SDE  |d 2019-06-10  |l 0  |o 8M2.03 LEN.C  |p SDE25679  |r 2020-03-27  |w 2020-03-27  |y BK